| 000 | 00911nas a2200265 4500 | ||
|---|---|---|---|
| 001 | BR8300090 | ||
| 003 | BR-BrBNA | ||
| 005 | 20231205085358.0 | ||
| 007 | ta | ||
| 008 | 230509b bl.|||p| |||| 00| 00por d | ||
| 040 |
_aBR-BrBNA _bpor _cBiblioteca Nacional de Agricultura |
||
| 041 | _a(Pt) | ||
| 072 | _aF27 | ||
| 100 | 1 | _aSouza, A.P. | |
| 100 | 1 | _aFreire, W.J. | |
| 100 | 1 | _aCuri, P.R. | |
| 245 | 1 | _aPreparo do solo com arado de discos e seu efeito sobre a estabilidade mecanica dos agregados de um latossolo roxo | |
| 246 | 1 | _aEffect of disk plow tillage on mechanical stability of the aggregates in a purple latosol | |
| 650 | _aCULTIVO DO SOLO | ||
| 650 | _aARADO DE DISCO | ||
| 650 | _aLATOSSOLO ROXO | ||
| 773 | 0 |
_tRevista Brasileira de Ciencia do Solo (Brazil) _xISSN 0100-0683 _g(Jan 1982), v. 6(1) p. 53-57 _wBR8300090 |
|
| 909 |
_a202311 _bLúcia _c55 _dLúcia Elande |
||
| 942 |
_2AGRIS _n0 _cANA |
||
| 999 |
_c111087 _d111087 |
||